000 00398nam a2200169Ia 4500
005 20250423100657.0
008 250422s9999 xx 000 0 und d
020 _a9780273612360
050 _aHD 69.P75 .M39/
100 _aMaylor, Harvey.
245 0 _aProject management
260 _aPITMAN Publishing
260 _c1996
300 _a251 p
650 _aProject management.
942 _cBK
999 _c34031
_d34031